书目信息 |
| 题名: |
郁金香
|
|
| 作者: | 王意成 编著 | |
| 分册: | ||
| 出版信息: | 南京 江苏科学技术出版社 2000 |
|
| 页数: | 83页 | |
| 开本: | 19cm | |
| 丛书名: | 棚室花卉栽培技术丛书 | |
| 单 册: | ||
| 中图分类: | S682.2 | |
| 科图分类: | ||
| 主题词: | 郁金香--塑料温室--温室栽培 , 郁金香 , 塑料温室 , 温室栽培 | |
| 电子资源: | ||
| ISBN: | 7-5345-3064-4 | |
| 000 | 00910nam2 2200301 45 | |
| 001 | 012001007185 | |
| 005 | 20050101145108.1 | |
| 010 | @a7-5345-3064-4@dCNY5.80 | |
| 100 | @a20010209d2000 em y0chiy0121 ea | |
| 101 | 0 | @achi |
| 102 | @aCN@b320000 | |
| 105 | @aa z 000yy | |
| 200 | 1 | @a郁金香@AYu Jin Xiang@f王意成编著 |
| 210 | @a南京@c江苏科学技术出版社@d2000 | |
| 215 | @a83页@c彩照@d19cm | |
| 225 | 2 | @a棚室花卉栽培技术丛书 |
| 330 | @a本书介绍棚室花卉栽培技术,主要讲解了郁金香对环境条件的要求、品种、育苗与繁殖、栽培技术、病虫害防治等内容。 | |
| 410 | @12001 @a棚室花卉栽培技术丛书 | |
| 461 | 0 | @12001 @a棚室花卉栽培技术丛书 |
| 606 | 0 | @a郁金香@x塑料温室@x温室栽培 |
| 606 | 0 | @a郁金香 |
| 606 | 0 | @a塑料温室 |
| 606 | 0 | @a温室栽培 |
| 690 | @aS682.2@v4 | |
| 701 | 0 | @a王意成@AWang Yi Cheng@4编著 |
| 801 | @aCN@bahty@c20050101 | |
| 905 | @aBZT@dS682.2@e161 | |
| 906 | @dCNY5.80@n0@r1 | |
| 郁金香/王意成编著.-南京:江苏科学技术出版社,2000 |
| 83页:彩照;19cm.-(棚室花卉栽培技术丛书) |
| ISBN 7-5345-3064-4:CNY5.80 |
| 本书介绍棚室花卉栽培技术,主要讲解了郁金香对环境条件的要求、品种、育苗与繁殖、栽培技术、病虫害防治等内容。 |
| ● |
| 相关链接 |
|
|
|
正题名:郁金香
索取号:S682.2/161
 
预约/预借
| 序号 | 登录号 | 条形码 | 馆藏地/架位号 | 状态 | 备注 |
| 1 | 379085 | 210012341 | 中心书库中库/ 中库032架A面5列3层78/ [索取号:S682.2/161] | 在馆 | |
| 2 | 379086 | 210012332 | 中心书库中库/ 中库032架A面5列3层74/ [索取号:S682.2/161] | 在馆 | |
| 3 | 379087 | 210012369 | 中心书库中库/ 中库032架A面5列3层70/ [索取号:S682.2/161] | 在馆 | |
| 4 | 379088 | 210012350 | 中心书库中库/ 中库032架A面5列3层98/ [索取号:S682.2/161] | 在馆 | |
| 5 | 379089 | 210012387 | 中心书库中库/ 中库032架A面5列3层76/ [索取号:S682.2/161] | 在馆 | |
| 6 | 379090 | 210012378 | 中心书库中库/ 中库032架A面5列3层79/ [索取号:S682.2/161] | 在馆 | |
| 7 | 379091 | 210012403 | 中心书库中库/ 中库032架A面5列3层80/ [索取号:S682.2/161] | 在馆 | |
| 8 | 379092 | 210012396 | 中心书库中库/ 中库032架A面5列3层81/ [索取号:S682.2/161] | 在馆 | |
| 9 | 379093 | 210012421 | 中心书库中库/ 中库032架A面5列3层82/ [索取号:S682.2/161] | 在馆 | |
| 10 | 379094 | 210012412 | 中心书库中库/ 中库032架A面5列1层8/ [索取号:S682.2/161] | 在馆 |